|
|
|
|
| LEADER |
00000nla2a2200000 4500 |
| 001 |
168158 |
| 005 |
20240827063210.0 |
| 035 |
|
|
|a (RuTPU)RU\TPU\book\182441
|
| 035 |
|
|
|a RU\TPU\book\182440
|
| 090 |
|
|
|a 168158
|
| 100 |
|
|
|a 20091026d2003 k y0rusy50 ca
|
| 101 |
0 |
|
|a rus
|
| 102 |
|
|
|a RU
|
| 135 |
|
|
|a drnn ---uucaa
|
| 181 |
|
0 |
|a i
|
| 182 |
|
0 |
|a b
|
| 200 |
1 |
|
|a К 100-летию начала выхода "Известий" Томского политехнического
|f В. Н. Беломестных, Т. А. Романова
|
| 203 |
|
|
|a Текст
|c электронный
|
| 215 |
|
|
|a 1 файл (4.8 Мб)
|
| 300 |
|
|
|a Заглавие с титульного листа
|
| 300 |
|
|
|a Электронная версия печатной публикации
|
| 320 |
|
|
|a [Библиогр.: с. 16 (7 назв.)]
|
| 330 |
|
|
|a Данная публикация приурочена к 100-летию со дня выхода в 1903 г. первого номера "Известий Томского Технологического Института Императора Николая II", продолжателем которого являются "Известия Томского политехнического университета". В статье дан анализ начального периода истории периодического издания.
|
| 337 |
|
|
|a Adobe Reader
|
| 461 |
|
1 |
|0 (RuTPU)RU\TPU\book\176237
|t Известия Томского политехнического университета [Известия ТПУ]
|f Томский политехнический университет (ТПУ)
|d 2000-
|
| 463 |
|
1 |
|0 (RuTPU)RU\TPU\book\182431
|t Т. 306, № 7
|v [С. 9-16]
|d 2003
|p 222 с.
|
| 600 |
|
1 |
|a Некрасов
|b В. Л.
|c математик
|f 1864-1922
|g Владимир Леонидович
|c профессор Томского технологического института
|y Томск
|2 stltpush
|3 (RuTPU)RU\TPU\pers\10488
|
| 600 |
|
1 |
|a Обручев
|b В. А.
|c российский геолог
|c профессор Томского технологического института
|c исследователь Сибири, Центральной и Средней Азии
|c географ
|f 1863-1956
|g Владимир Афанасьевич
|y Томск
|7 ca
|8 rus
|2 stltpush
|3 (RuTPU)RU\TPU\pers\996
|9 441
|
| 600 |
|
1 |
|a Малеев
|b В. Л.
|c российский инженер-механик
|c профессор ТТИ (1906-1918)
|f 1879-?
|g Владимир Леонидович
|2 stltpush
|3 (RuTPU)RU\TPU\pers\21839
|9 9178
|
| 600 |
|
1 |
|a Лаврский
|b А. В.
|c российский геолог
|c профессор Томского технологического института
|f 1863-1944
|g Аркадий Валерианович
|y Томск
|2 stltpush
|3 (RuTPU)RU\TPU\pers\13853
|9 4365
|
| 600 |
|
1 |
|a Пенн
|b Н. С.
|c российский горный инженер
|c выпускник ТТИ (1908)
|f 1880- после 1950
|g Николай Самуилович
|c профессор ТТИ
|2 stltpush
|3 (RuTPU)RU\TPU\pers\21845
|
| 600 |
|
1 |
|a Воробьев
|b А. А.
|c российский физик
|f 1909-1981
|g Александр Акимович
|c ректор Томского политехнического института, профессор
|y Томск
|x TPU
|2 stltpush
|3 (RuTPU)RU\TPU\pers\12805
|
| 600 |
|
1 |
|a Каляцкий
|b И. И.
|c российский электротехник
|c ректор Томского политехнического института в 1970-1984, профессор
|f 1927-2005
|g Иван Иванович
|y Томск
|2 stltpush
|3 (RuTPU)RU\TPU\pers\14030
|
| 600 |
|
1 |
|a Ушаков
|b В. Я.
|c специалист в области электроэнергетики
|c профессор Томского политехнического университета, доктор технических наук
|f 1939-
|g Василий Яковлевич
|y Томск
|x TPU
|2 stltpush
|3 (RuTPU)RU\TPU\pers\10509
|
| 600 |
|
1 |
|a Власов
|b В. А.
|c российский ученый в области физики и химии плазмы, молекулярной физики
|c профессор Томского политехнического университета
|f 1958-
|g Виктор Алексеевич
|y Томск
|x TPU
|2 stltpush
|3 (RuTPU)RU\TPU\pers\26576
|
| 600 |
|
1 |
|a Похолков
|b Ю. П.
|c специалист в области электротехники, доктор технических наук
|f 1939-
|g Юрий Петрович
|c ректор Томского политехнического университета (1990-2008), профессор
|y Томск
|x TPU
|2 stltpush
|3 (RuTPU)RU\TPU\pers\10508
|
| 601 |
0 |
2 |
|a Томский политехнический университет (ТПУ)
|c (1991- )
|2 stltpush
|3 (RuTPU)RU\TPU\col\376
|
| 610 |
1 |
|
|a вузовские издания
|
| 610 |
1 |
|
|a продолжающиеся издания
|
| 610 |
1 |
|
|a периоды развития
|
| 610 |
1 |
|
|a редакционные коллективы
|
| 610 |
1 |
|
|a труды учёных ТПУ
|
| 610 |
1 |
|
|a электронный ресурс
|
| 610 |
1 |
|
|a главные редакторы
|
| 700 |
|
1 |
|a Беломестных
|b В. Н.
|c физик, физикохимик
|c профессор Юргинского технологического института (филиала) Томского политехничесого университета
|f 1939-
|g Владимир Николаевич
|3 (RuTPU)RU\TPU\pers\25113
|9 11216
|
| 701 |
|
1 |
|a Романова
|b Т. А.
|c российский библиотекарь
|c заведующий отделом редких книг и рукописей НТБ Томского политехнического университета
|f 1952-
|g Татьяна Александровна
|3 (RuTPU)RU\TPU\pers\29247
|9 13847
|
| 801 |
|
1 |
|a RU
|b 63413507
|c 20090623
|g PSBO
|
| 801 |
|
2 |
|a RU
|b 63413507
|c 20180220
|g PSBO
|
| 856 |
4 |
|
|u http://www.lib.tpu.ru/fulltext/v/Bulletin_TPU/2003/v306/i7/04.pdf
|
| 942 |
|
|
|c CF
|